00417nam a2200145 a 450000500170000000800410001702000180005805000240007610000190010024500570011926000390017630000100021544000340022565000120025920140412111250.0010328s19uu xx 00 eng d a0-590-76490-X aTR(GS 414bS36 1997 aEaton, Deborah aBeginning consonant, grades K-1 /cby Deborah Eaton. aNew York :bScholastic Inc,c1997. a31 p. aScholastic: Fun with Phonics! aPhonics